Quiz sur Apple - Statistiques

Statistiques générales
  • Ce quiz a été pris 74 fois
  • Le résultat moyen est 13 sur 20
Statistiques - réponses
Question Réponse % Correct
Quel produit a révolutionné les smartphones en 2007 ? iPhone
95%
Qui sont les principaux cofondateurs d'Apple ? Steve Jobs et Steve Wozniak
88%
Quel nouveau produit a été lancé en 2024 ? Vision Pro
88%
En quelle année l'iPad a-t-il lancé ? 2010
82%
Quel est le nom de la puce maison d'Apple pour Mac (série M) ? Apple Silicon
77%
Quel est le slogan emblématique d'Apple ? Think Different
77%
Où à été fondée Apple initialement ? Garage des parents d'un fondateur
75%
Quel nouveau modèle iPhone a été lancé le 9 septembre 2025 ? iPhone Air
75%
Qui est le PDG actuel d'Apple en 2026 ? Tim Cook
75%
Quel produit représente plus de 50% des ventes nettes ? iPhone
74%
En quelle année le fondateur iconique est-il revenu chez Apple comme PDG ? 1997
72%
Quel est le siège social actuel d'Apple ?
61%
En quelle année Apple a-t-elle été fondée ? 1976
56%
En quelle année FaceID a-t-il été introduit ? 2017
54%
Quel est le premier ordinateur personnel avec interfaces graphiques de 1984 ? Macintosh
54%
Quel est le chiffre d'Apple pour l'année 2024 ? (en millards $US) 383
40%
Combien Apple a-t-elle dépensé en Recherches et Développement (R&D) en 2024 ? (en milliards $US) 30
37%
Quelle amende l'UE a infligé à Apple en 2024 pour abus dans l'App Store ? (en milliards €) 1,8
35%
Quelle capitalisation boursière Apple a-t-elle franchie en 2025 ? (en milliards $US) 4 000
30%
Quel premier produit majeur a lancé Apple en 1977 ? Apple II
19%
Aucun quiz correspondant
Distribution des résultats
% des personnes avec chaque résultat
Percentile par nombre de réponses
Votre historique - résultats
Vous n’avez pas pris ce quiz